| 000 | 02651 a2200289 4500 | ||
|---|---|---|---|
| 999 |
_c442432 _d442432 |
||
| 003 | UA-OsUOA | ||
| 005 | 20191101124449.0 | ||
| 008 | 191004b un ||||| |||| 00| 0 rus d | ||
| 020 | _a5893292855 | ||
| 040 |
_aUA-OsUOA _bukr _cUA-OsUOA _dUA-OsUOA |
||
| 041 | _arus | ||
| 080 | _a81'42:32 | ||
| 090 |
_a81'42:32 _bС48 |
||
| 100 | _aУшакова Н. П. | ||
| 245 |
_aСлово в действии. Интент-анализ политического дискурса _bинтент-анализ политического дискурса _cпод. ред. Т. Н. Ушаковой, Н. Д. Павловой |
||
| 260 |
_bАлетея _c2000 _aСанкт.-Петербург |
||
| 300 | _a316 с. | ||
| 365 | _b45 | ||
| 520 | _aВ книге представлены результаты нового направления исследования речи, согласно которому одной из ее основополагающих сторон является интенциональная направленность субьекта, активность его создания. Разработан специальный метод интент-анализа, позволяющий реконструировать интенции говорящего по его речи. Метод применен в отношении выступлений российских политиков, имевших место в различных ситуациях: конфликтное противостояние ветвей власти, предвыборная президентская кампания, телеинтервью и текущие публикации в прессе. Результаты исследования позволяют раскрыть скрытый подтекст выступлений, недоступный при других формах анализа. Книга предназначена для психологов, психолингвистов паблик рилейшнз, а также в практическом плане может быть полезна политикам, общественным деятелям, руководителям разных уровней. | ||
| 591 | _aХудолий А. О. | ||
| 650 | _a81 Лінгвістика. Мовознавство. Мови | ||
| 700 | 1 |
_aУшакова Н. П. _eред. |
|
| 700 | 1 |
_aПавлова Н. Д. _eред. |
|
| 942 |
_cBK _2udc |
||
| 955 | _a1 | ||